000 00347nam a22001337a 4500
008 190226b xxu||||| |||| 00| 0 eng d
020 _a9789042029910
041 _aeng
080 _a316
100 _a50
101 _aSOC
245 _aPositive Peace. Refletions on peace Education, Nonviolence and Social Change
_cGibbon, A.F
942 _2udc
_cBK
999 _c54273
_d54273